LEADER 00571nab a2200133 i 4500 001 000000327904 003 CaOOAMICUS 005 20180831173550.0 008 180831n it uu u0 0ita r 013 $a39498 040 $aSeMil$bita 245 10$aPropedeutico-Liceo. L'incontro con il card. C.M. Martini. Brevi di cronaca. - In [rubrica] :$bNotizie dai Seminari. 773 0 $tTu sei la mia gioia... eccomi!.$gp.15$w()290628 996 $6245$aPropedeutico-Liceo. L'incontro con il card. C.M. Martini. Brevi di cronaca. - In [rubrica] :$bNotizie dai Seminari.$9(OLS)http://semarc/title/416508 LEADER 01098nam a2200229 i 4500 001 000000061191 003 CaOOAMICUS 005 20140613000000.0 008 140613s1968 xx u000 u ger u 013 $a32363 040 $aSeMil$bita 100 1 $aFrickel, Josef .$0(OLS)http://semarc/name/31109 245 14$aDie "Apophasis Megale" in Hippolyt's refutatio (6. 9-18) :$beine paraphrase zur Apophasis Simons /$cJosef Frickel. 260 $aRoma :$bPontificium Institutum Orientalium Studiorum,$c1968. 300 $a218 p. ;$c24 cm. 490 0 $aOrientalia Christiana Analecta ;$v182 650 4$aChiese Orientali.$0(OLS)http://semarc/subject/2275 830 0$aOrientalia Christiana Analecta ;$v182.$0(OLS)http://semarc/title/100 850 $aSeMil 852 $aSeMil$W1$xVenegono$y1$m2K IV 219$j27344$B27344$CSeMilBibl$Z2$F27347 $81 996 $6245$aDie "Apophasis Megale" in Hippolyt's refutatio (6. 9-18) :$beine paraphrase zur Apophasis Simons$9(OLS)http://semarc/title/96099 996 $6260$aRoma :$bPontificium Institutum Orientalium Studiorum$9(OLS)http://semarc/publisher/29660 LEADER 01527nam a2200277 i 4500 001 000000009109 003 CaOOAMICUS 005 20180830125439.0 008 180830s2001 it u000 u ita u 040 $aSeMil$bita 100 1 $aPlazaola Artola, Juan .$0(OLS)http://semarc/name/4517 240 10$aHistoria y sentido del arte cristiano.$0(OLS)http://semarc/title/12026 245 10$aArte cristiana nel tempo :$bstoria e significato /$cJuan Plazaola. 250 $aEd. italiana. 260 $aCinisello Balsamo :$bSan Paolo,$c2001-2002- 300 $a2 v. ;$c24 cm. 500 $aFondo Card. C.M. Martini. 650 4$aArte cristiana - Storia.$0(OLS)http://semarc/subject/1425 700 1 $aCrippa, Maria Antonietta.$0(OLS)http://semarc/name/2705 773 0 $aFliche, Augustin$tStoria della Chiesa. Nuova serie.$dCinisello Balsamo : San Paolo, 2001.$w()10866 774 0 $aPlazaola Artola, Juan $tDall'antichità al Medioevo.$bEd. italiana.$dCinisello Balsamo : San Paolo, 2001.$kStoria della Chiesa. Nuova serie$z88-215-4459-1$g1$w()114365 774 0 $aPlazaola Artola, Juan $tDal Rinascimento all'età contemporanea.$bEd. italiana.$dCinisello Balsamo : San Paolo, 2002.$kStoria della Chiesa. Nuova serie$z88-215-4565-2$g2$w()114366 785 00$tStoria della Chiesa.$w()137 941 1 $a4 996 $6245$aArte cristiana nel tempo :$bstoria e significato$9(OLS)http://semarc/title/12025 996 $6260$aCinisello Balsamo :$bSan Paolo$9(OLS)http://semarc/publisher/30129